000 01077cam a22002294a 4500
005 20250605164102.0
008 250528s ||||||||||||||||||||||||d
035 _a17610
020 _a9780857254733
040 _aGR-AtMCL
_bgre
_dGR-AtMCL
_eAACR2
245 1 _aUnderstanding Assessment in Counselling and Psychotherapy / Counselling and Psychotherapy Practice
250 _a1st
260 _bLearning Matters,
_c2011
300 _a142
520 _aThis timely and accessible book offers students and trainees a thorough guide to clinical assessment. Foreword, Acknowledgements, Introduction, The Role of the Assessor in Private Practice, ''Diagnosing'' Problems, Treatment - Illuminating Shaded Areas?, Assessment in Organizations: An Overview, Conducting an Assessment, Appendix 1: Initial Assessment Form Used by the Metanoia Counselling and Psychotherapy Practice, References, Index.
700 1 _aBager-Charleson Sofie
_93791
700 1 _aClaringbull Norman
_93792
700 1 _aVan Rijn Biljana
_93793
942 _cBK
999 _c3013
_d3013